000 00947nam a22002177a 4500
005 20141028152457.0
008 140305b2012 ck ||||| |||| 00| 0 spa d
020 _a978588370361
041 _aspa
044 _ack
082 0 0 _a333.72
_bC26t
110 1 _aCorporación Autónoma Regional de Risaralda CARDER
_9998
245 1 0 _aPlan de manejo de los recursos naturales del territorio colectivo de las comunidades afro en Santa Cecilia, Pueblo Rico (Risaralda, Colombia) /
_cCorporación Autónoma Regional de Risaralda CARDER
260 _aPereira :
_bCorporación Autónoma Regional de Risaralda CARDER,
_c2012.
300 _a138 p.
_btablas, mapas
_c28 cm.
504 _aIncluye referencias bibliográficas (p.137 - 138)
650 4 _aRecursos Naturales
_xPlanes de manejo
_928171
650 6 _aAfrocolombianos
_zRisaralda (Colombia)
_928172
651 _aColombia
_zRisaralda (Colombia)
_zSanta Cecilia
_zPueblo Rico
_928173
942 _2ddc
_cLIBRO
999 _c8228
_d8228